Guadeloupe : Spécial plages Grande-Terre - Statistiques

Statistiques générales
  • Ce quiz a été pris 148 fois
  • Le résultat moyen est 6 sur 8
Statistiques - réponses
Plages de/du : Communes % Correct
Bois Jolan Sainte-Anne
97%
la Datcha Le Gosier
93%
Raisins clairs Saint-François
92%
Souffleur Port-Louis
86%
l'Anse Sainte-Marguerite Le Moule
76%
la Chapelle Anse-Bertrand
74%
Babin Morne-à-l'Eau
63%
l'Anse Maurice Petit-Canal
56%
Aucun quiz correspondant
Distribution des résultats
% des personnes avec chaque résultat
Percentile par nombre de réponses
Votre historique - résultats
Vous n’avez pas pris ce quiz